Plus grandes villes côtières avec une carte - Statistiques

Statistiques générales
  • Ce quiz a été pris 72 fois
  • Le résultat moyen est 13 sur 31
Réponses sur la Carte
Les réponses sont colorées sur une échelle allant du rouge au vert en fonction du pourcentage des utilisateurs qui les ont devinées à leur premier essai. Vous pouvez retrouver ces pourcentages ci-dessous.
 
Statistiques - réponses
Population Ville % Correct
37,5 M Tokyo
94%
18,8 M New York
90%
13,3 M Rio de Janeiro
86%
12,5 M Los Angeles
83%
25,6 M Shanghai
78%
10,5 M Jakarta
75%
15 M Buenos Aires
70%
20 M Bombay
63%
13,5 M Manille
57%
6 M Miami
57%
14,7 M Istanbul
54%
7,3 M Hong Kong
51%
10 M Séoul
49%
5,5 M Barcelone
46%
13,5 M Lagos
43%
5,8 M Singapour
40%
5,1 M Alexandrie
37%
19,3 M Osaka
37%
10,2 M Lima
35%
15,4 M Karachi
25%
5,4 M Saint-Petersbourg
24%
10,5 M Chennai
22%
12 M Shenzhen
21%
6,1 M Houston
17%
7,7 M Luanda
14%
9,5 M Nagoya
14%
13,2 M Tianjin
14%
5,3 M Dalian
6%
5,4 M Qingdao
6%
5,5 M Fukuoka
3%
6,5 M Surate
2%
Aucun quiz correspondant
Distribution des résultats
% des personnes avec chaque résultat
Percentile par nombre de réponses
Votre historique - résultats
Vous n’avez pas pris ce quiz